Statistics for Serie A 2010-2011 Top scorers

Click here to take the quiz!

General Stats

  • This quiz has been taken 15 times
  • The average score is 8 of 10

Answer Stats

GoalsNationalityClubPlayer% Correct
14SwedenMilanZlatan Ibrahimović
100%
14BrazilMilanAlexandre Pato
93%
28ItalyUdineseAntonio Di Natale
93%
26UruguayNapoliEdinson Cavani
93%
15ItalyRomaFrancesco Totti
93%
14BrazilMilanRobinho
86%
21CameroonInternazionaleSamuel Eto'o
86%
20ItalyJuventusAlessandro Matri
57%
17ItalyInternazionaleGiampaolo Pazzini
57%
19ItalyBolognaMarco Di Vaio
43%

Score Distribution

Percentile by Number Answered

Percent of People with Each Score

Your Score History

You have not taken this quiz